College Baseball Stadiums - Statistics

General Stats
  • This quiz has been taken 2 times
  • The average score is 9 of 16
Answer Stats
Stadium Name College % Correct
Baum Walker Stadium Arkansas
100%
Plainsman Park Auburn
100%
Dick Howser Stadium Florida State
100%
Alex Box Stadium LSU
100%
Dudy Noble Field Mississippi State
100%
Swayze Field Ole Miss
100%
Disch-Falk Field Texas
100%
O'Brate Stadium Oklahoma State
50%
Founders Park South Carolina
50%
Blue Bell Park Texa A&M
50%
Miller Park BYU
0%
Doug Kingsmore Stadium Clemson
0%
Clark LeClair Stadium East Carolina
0%
Foley Field Georgia
0%
Jackie Robinson Stadium UCLA
0%
David F Couch Park Wake Forest
0%
No matching quizzes found
Score Distribution
Percent of People with Each Score
Percentile by Number Answered
Your Score History
You have not taken this quiz